| 000 | 00641nam a2200217Ia 4500 | ||
|---|---|---|---|
| 005 | 20250508164717.0 | ||
| 008 | 008 250505s9999 xx 000 0 eng d | ||
| 020 | _a9971-51-140-1 | ||
| 037 | _aBooks to be hide in OPAC | ||
| 040 |
_aFEDL _beng _cFEDL |
||
| 041 |
_aeng _2eng |
||
| 084 |
_a537.623, SAL/O _qFEDL |
||
| 100 |
_aSalwi Dilip M _924568 |
||
| 245 | 0 | _aSuperconductivity | |
| 260 |
_aNew Delhi, India _bChildren Book Trust _c1990 |
||
| 300 | _a24p. | ||
| 365 |
_aINR _b6 |
||
| 546 | _aAcc. No. 84322 is MACESE and Acc. No. 90350 is CSEC library. | ||
| 942 |
_cHB _h537.623, SAL/O |
||
| 999 |
_c1390696 _d1390696 |
||